000 00405 a2200109 4500
001 ART_2734
005 20260410161710.0
008 260409a
245 1 0 _aUn modelo para estudiar la acción recíproca entre las fuerzas políticas y los actos y proyectos de gobierno
100 1 _aCalcagno, Alfredo Eric
773 0 _tDesarrollo económico
_g- Vol. 1, Nº 4 (ene./mar. 1962)
_wREV1174
999 _c15950
_d15950